000 00619nam a2200205 4500
003 OSt
005 20240702025141.0
006 a
008 240702b |||||||| |||| 00| 0 eng d
020 _a9781405195102
040 _aDWCL-HMN lib.
_cOC
082 _aCirc. 618.20072 S813h 2011
100 _aSteen, Mary
245 _aThe handbook of midwifery research /
260 _aU.K. :
_bWiley-Blackwell,
_cc2011.
300 _axvii,
_b219 p. : ill. ;
_c23 cm.
504 _aIncludes bibliographical references & index.
650 _a1. Midwifery-research-handbooks, manuals, etc.
942 _2ddc
_n0
_cBK-CIRC
_kCirc.
999 _c1770
_d1770